EWS Berserk Champions Quiz Stats

 Plays Quiz not verified by Sporcle

Support Sporcle.
Go Orange.
Score 0/23 Timer 07:00
0 Plays Today
Order Champion % Correct
#1Hell-Tank
100%
#2Re Umada
100%
#16Re Umada
100%
#23The Sold
100%
#20Mr Tank
96.6%
#18Mr Tank
96.6%
#5Krypto
93.1%
#7Krypto
93.1%
#9Krypto
93.1%
#4The Crazy Man
89.7%
#6Jack Callaway
89.7%
#13The Crazy Man
89.7%
Order Champion % Correct
#15Sepe
89.7%
#19The Crazy Man
89.7%
#14The Killmaster
86.2%
#17KJO
86.2%
#21Francis
82.8%
#22Luke Marshall
72.4%
#3Mark Kataròs
72.4%
#8Marcus Red
65.5%
#10Great Hero
65.5%
#11Cody Knox
65.5%
#12AJ-Five
51.7%

You're not logged in!

Compare scores with friends on all Sporcle quizzes.
OR
Log In

From the Vault

10 Decades of Baby Names (Boys)

by readysetgo88

The easiest way to get hints is to travel back in time and find a phone book.
Remove Ads.
Support Sporcle.
Get the best of Sporcle when you Go Orange. This ad-free experience offers more features, more stats, and more fun while also helping to support Sporcle. Thank you for becoming a member.

Show Comments

Extras

Created Oct 11, 2013ReportNominate
Tags:champion, Order

Top Quizzes Today


Score Distribution

Your Account Isn't Verified!

In order to create a playlist on Sporcle, you need to verify the email address you used during registration. Go to your Sporcle Settings to finish the process.

Report this User

Report this user for behavior that violates our Community Guidelines.

Details: